000 00485nam a2200145 a 4500
008 120416s0000 ||||||||||||||||| || u
020 _a0582810078
050 _aHF 5429.265 Ken
100 _aKennedy, Jay
245 1 0 _aRecords management
250 _a2nd ed.
260 _aSouth Melbourne
_bLongman
_c1998
350 _a0.00
995 _D0.00
_FCBU-MAIN LIBRARY (Kitwe)
_H1
_I14.95
_UAVAILABLE
_ZMain Library Open Access Collection
999 _c55778
_d55778